000 01201nam0a22002771 4500
001 rc\4169896
005 20260406203806.0
021 _aRU
_b[54-891]
035 _a(NLR Aleph) 008182473
090 _a7924407
_c7924407
100 _a20130415d1953 |||y0rusy50 ca
101 0 _arus
102 _aRU
105 _aa z |||||
200 1 _aТаблицы интегралов Френеля
_f[Отв. ред. проф. В.А. Диткин]
_gАкад. наук СССР. Ин-т точной механики и вычислит. техники
210 _aМосква
_cИзд-во Акад. наук СССР
_d1953
215 _a269 с., 2 отд. л. табл.
_cграф.
_d26
225 1 _aМатематические таблицы
606 _aИнтегралы Френеля
_jТаблицы
_2psbo
702 1 _aДиткин
_bВ.А.
_gВиталий Арсеньевич
_4340
712 0 2 _aИнститут точной механики и вычислительной техники им. С. А. Лебедева
_cМосква
_3RU\NLR\AUTH\889964082
_9424383
801 0 _aRU
_bNLR
_gpsbo
801 1 _aRU
_bELAR
_2rusmarc
852 _aNLR
_jМт02 Г-7/132
942 _cBOOK
980 _aNB